| 000 | 00748nam a22002057a 4500 | ||
|---|---|---|---|
| 999 |
_c59296 _d59296 |
||
| 005 | 20230116114006.0 | ||
| 008 | 230116s2021ge xxu||||| |||| 00| 0 ger d | ||
| 020 | _a9783126071765 X | ||
| 041 | _ager | ||
| 080 | _a811.112.1 P- 64 | ||
| 100 |
_a Pilaski, Anna _916670 |
||
| 245 |
_aNetzwerk neu B1 Lehrerhandbuch / _cAnna Pilaski, Katja Wirth. |
||
| 264 |
_aStuttgart ; _bErnst Klett Sprachen, _c2021. |
||
| 300 |
_a136 p :. _bIllustr , _c 4 CDs, 1 DVD-Video. |
||
| 653 | _a Netzwerk neu B1 Lehrerhandbuch | ||
| 653 | _aგერმანული, როგორც უცხო ენა | ||
| 653 | _aმასწავლებლის სახელმძღვანელო | ||
| 700 |
_aWirth, Katja _915288 |
||
| 942 |
_2udc _cBK |
||